Statistics for West Ham record transfers

Click here to take the quiz!

General Stats

  • This quiz has been taken 318 times
  • The average score is 6 of 11

Answer Stats

NationalityPositonValueAnswer% Correct
EnglandFW£15.5 millionCarroll
92%
EcuadorFW/MID£12 millionValencia
91%
ItalyDEF£10 millionOgbonna
81%
FranceMID£10.7 millionPayet
78%
SenegalMID£7 millionKouyate
71%
EnglandMID£6 millionDowning
41%
EnglandMID£10.75 millionJarvis
39%
EnglandMid£7 millionAntonio
33%
SenegalFW£6 millionBa
22%
Uganda/GermanyFW£9 millionNsereko
19%
EnglandMID£6 millionDyer
14%

Score Distribution

Percentile by Number Answered

Percent of People with Each Score

Your Score History

You have not taken this quiz